New funding stream for local authorities (Record no. 118068)
[ view plain ]
| 000 -LEADER | |
|---|---|
| fixed length control field | 01128cam a2200229 4500 |
| 001 - CONTROL NUMBER | |
| control field | WB4037-19 |
| 008 - FIXED-LENGTH DATA ELEMENTS--GENERAL INFORMATION | |
| fixed length control field | 040928n2004 000 0 eng u |
| 035 ## - SYSTEM CONTROL NUMBER | |
| System control number | (Sirsi) u127540 |
| 245 ## - TITLE STATEMENT | |
| Title | New funding stream for local authorities |
| 260 ## - PUBLICATION, DISTRIBUTION, ETC. | |
| Date of publication, distribution, etc. | 2004 |
| 490 ## - SERIES STATEMENT | |
| Series statement | Inside Housing |
| Volume/sequential designation | 21(38) 24 September 2004, 13(1) |
| 520 ## - SUMMARY, ETC. | |
| Summary, etc. | A paper published by the Town and Country Planning Association; 'Funding sustainable communities: smart growth and intelligent local finance', says that new land taxes should be introduced to provide local authorities with extra funds for social housing and urban renewal projects. According to the author of the report these policies would generate more finance which could come under local control and give more priority to social housing. For the report: http://www.urbed.com/cgi-bin/get_binary_doc_object .cgi?doc_id=224&fname=extra_pdf_1.pdf |
| 590 ## - LOCAL NOTE (RLIN) | |
| Local note | WB |
| 590 ## - LOCAL NOTE (RLIN) | |
| Local note | WB |
| 650 ## - SUBJECT ADDED ENTRY--TOPICAL TERM | |
| Topical term or geographic name entry element | TOWN AND COUNTRY PLANNING ASSOCIATION |
| 650 ## - SUBJECT ADDED ENTRY--TOPICAL TERM | |
| Topical term or geographic name entry element | LAND TAX |
| 650 ## - SUBJECT ADDED ENTRY--TOPICAL TERM | |
| Topical term or geographic name entry element | LAND VALUES |
| 650 ## - SUBJECT ADDED ENTRY--TOPICAL TERM | |
| Topical term or geographic name entry element | SUSTAINABLE COMMUNITIES |
| 650 ## - SUBJECT ADDED ENTRY--TOPICAL TERM | |
| Topical term or geographic name entry element | LOCAL TAXATION |
| 690 ## - LOCAL SUBJECT ADDED ENTRY--TOPICAL TERM (OCLC, RLIN) | |
| Topical term or geographic name as entry element | TAXATION |
| 942 ## - ADDED ENTRY ELEMENTS (KOHA) | |
| Suppress in OPAC | 0 |
| Withdrawn status | Lost status | Source of classification or shelving scheme | Damaged status | Not for loan | Home library | Current library | Shelving location | Date acquired | Total Checkouts | Full call number | Barcode | Date last seen | Copy number | Price effective from | Koha item type |
|---|---|---|---|---|---|---|---|---|---|---|---|---|---|---|---|
| Dewey Decimal Classification | London | London | News article | 28/09/2004 | WB4037-19 | 127540-1001 | 06/08/2019 | 1 | 06/08/2019 | News article |